00570nam a22001817a 450000500170000000800410001702000180005804000210007604100080009708200130010510000380011824500860015625000130024226000440025530000100029965000500030970000290035920251024114024.0251024b |||||||| |||| 00| 0 eng d a9788190477468 aIN-DiNCcIN-DiNC dasm a920bHAZ aHazarika, Bhupen Hazarikaeauthor aMoi eti jajabor (Bhupen Hazarikar anulikhita atmajibani)/ced. by Surjya Hazarika aEnl. ed. aGuwahati:bSH educational trust,c2011. a564p. aTranscripted autobiography of Bhupen Hazarika aHazarika, SurjyaeEditor